Alternatívny zber údajov pre štatistiku cestovného ruchu

Problematika presnosti a reality nazbieraných údajov od respondentov.

Salvato in:
Dettagli Bibliografici
Autore principale: Hudec, Miroslav, 1969-
Natura: Capitolo di libro
Lingua:slovacco
Soggetti:
Tags: Aggiungi Tag
Nessun Tag, puoi essere il primo ad aggiungerne!!

MARC

LEADER 00000naa a2200000 4500
001 0188958
005 20240502073209.4
041 0 |a slo 
044 |a SK 
245 1 0 |a Alternatívny zber údajov pre štatistiku cestovného ruchu  |c Miroslav Hudec 
520 |a Problematika presnosti a reality nazbieraných údajov od respondentov. 
610 2 0 |a ruch cestovný 
610 2 0 |a dotazníky 
610 2 0 |a zber dát 
610 2 0 |a štatistika ekonomická 
100 1 |a Hudec, Miroslav, 1969-